[Event "VISA Nordic GP Final"]
[Site "Gentofte"]
[Date "1999.08.08"]
[Round "2"]
[White "Schandorff, Lars"]
[Black "Olafsson, Helgi"]
[Result "1/2-1/2"]
[WhiteElo "2514"]
[BlackElo "2494"]
[Annotator "Golod,V"]
[PlyCount "61"]
[EventDate "1999.08.05"]
[EventType "tourn"]
[EventRounds "13"]
[EventCountry "DEN"]
[EventCategory "9"]
[SourceTitle "CBM 073"]
[Source "ChessBase"]
[SourceDate "1999.12.01"]
[SourceVersion "1"]
[SourceVersionDate "1999.12.01"]
[SourceQuality "1"]

1. d4 Nf6 2. c4 e6 3. Nc3 Bb4 4. Qc2 O-O 5. a3 Bxc3+ 6. Qxc3 b6 7. Bg5 Bb7 8.
f3 h6 9. Bh4 d5 10. e3 (10. cxd5 $143 {-see comments to Llanos,G-Zontakh,A/
Budapest,1999/CBM 72(0-1)(Golod,V)(31)}) 10... Nbd7 {Besides,black has two
options:} (10... Re8 $5 {-see comments to Kramnik,V-Tiviakov,S/Las Vegas,1999/
CBM 72(1-0)(Golod,V)(42)}) ({and} 10... c5 $5 {-see comments to Karpov,A-Piket,
J/Monaco ,1999/CBM 70(1/2-1/2)(Golod,V)(48)}) 11. cxd5 $5 {Other lines are:} (
11. Nh3) ({and} 11. Bd3) 11... Nxd5 12. Bxd8 Nxc3 13. Bh4 $5 {Is the main line.
Besides,there are three alternatives:} (13. Be7 $6 {You can see comments to
Shipov,S- Stefansson,H/Las Vegas,1999/CBM 72(1/2-1/2)(Golod,V)(46) (Golod,V)})
(13. Bxc7 $5) ({and} 13. bxc3 $6) 13... Nd5 14. Bf2 f5 $5 {/\e5-e4} ({In my
opinion slightly worse is:} 14... c5 {-see comments to Teplitsky,Y-Gershon,A/
Bermuda,1999/CBM 69(1/2-1/2)(Golod,V)(27) and Kramnik,V-Adams,M/Linares,1999/
CBM 70 (1-0)(Golod,V)(38)}) 15. Bb5 $5 {Is the best move. Other alternatives
are:} ({and} 15. Bd3) (15. Bc4 $143) {From 15.Bb5 to 19.exd4of this game,you
can see comments in the game: Gelfand,B-Tiviakov,S/Elista,1998/CBM 65 (1/2-1/2)
(Golod,V)(23)} 15... c6 16. Bd3 e5 17. Ne2 Rae8 18. Rc1 $6 (18. O-O $142) 18...
exd4 19. exd4 Nf4 $146 {[%csl Rd3,Gf4,Rg2]} ({Correct way for eguality:} 19...
N7f6 {You can see comments to Gelfand,B-Tiviakov,S/ Elista,1998/CBM 65 (1/2-1/
2)(Golod,V)(23) and Piket,J-Karpov,A/Monaco,1999/CBM 70   (1/2-1/2)(Golod,V)
(41)}) 20. Bc4+ $8 Kh7 ({Probably slightly better is:} 20... Kh8 {[%csl Rh7,
Yh8][%cal Rb1h7]}) 21. Kd2 Nxe2 ({It is impossible:} 21... Nxg2 $2 {because of:
} 22. Rhg1 {[%csl Rg2]} Rxe2+ $8 23. Bxe2 Nf4 $16) 22. Bxe2 {+/=/=} Nf6 {
This is logical move.Black's plan is:Nd5;Re6,Rfe8 or f4} 23. Rhe1 {[%cal Ge2d3]
} ({Badly at first:} 23. Bd3 {in view of:} Ne4+ $1 $15 {[%csl Rf2,Gf8]}) 23...
Nd5 24. Bd3 ({Can be recommended right away:} 24. Bc4 {[%csl Re5]}) 24... g6 $5
{[%mdl 256] /\Kg7-f7<->e} ({After:} 24... Rxe1 $6 25. Rxe1 Bc8 26. Bg3 {
[%csl Gd3,Gg3] white has big advantage in the endgame.}) 25. Bc4 {[%csl Gc1,
Rc7][%cal Gc4d5]} ({In my opinion better is:} 25. Bg3 {[%cal Gg3b8]} f4 $140
26. Bf2 {/\Re4and Rce1+/=}) 25... Rxe1 26. Rxe1 ({Another possibility is:} 26.
Bxe1 Kg7 27. Bg3 (27. Bxd5 $6 cxd5 28. Bg3 Rc8 29. Re1 Kf7 30. Bd6 Re8 $11)
27... f4 28. Bf2 (28. Bxd5 $6 fxg3 29. Be4 gxh2 30. Rh1 $11) 28... Rd8 29. Re1
Kf6 30. Re5 a5 {+/=/=_|_}) 26... Kg7 27. Re5 $6 (27. Re6 $142 Kf7 28. Rd6 {
[%csl Rd6,Rg6] +/=/=}) 27... Kf6 {with the idea Rd8(><d5),Bc8-e6} 28. Bh4+ $6 {
The last inaccuracy!} ({It is necessary:} 28. g4 $1 {with small chance for win.
}) 28... g5 29. Bf2 Rd8 $11 30. Re1 Bc8 31. Bxd5 (31. Bxd5 Rxd5 32. Re8 Bd7 33.
Ra8 a5 $11) 1/2-1/2

[Event "RUS-Cup06"]
[Site "Nizhnij Novgorod"]
[Date "1998.07.07"]
[Round "9"]
[White "Virovlansky, Semen"]
[Black "Ibragimov, Ildar"]
[Result "0-1"]
[WhiteElo "2345"]
[BlackElo "2590"]
[Annotator "Golod,V"]
[PlyCount "108"]
[EventDate "1998.06.29"]
[EventType "swiss"]
[EventRounds "9"]
[EventCountry "RUS"]
[SourceTitle "EXT 2000"]
[Source "ChessBase"]
[SourceDate "1999.11.16"]
[SourceVersion "1"]
[SourceVersionDate "1999.11.16"]
[SourceQuality "1"]

1. d4 Nf6 2. c4 e6 3. Nc3 Bb4 4. Qc2 O-O 5. a3 Bxc3+ 6. Qxc3 Ne4 7. Qc2 f5 8.
g3 b6 9. Bg2 Bb7 10. Nf3 {Opening survey see in Bareev-Piket,Bosnia 1998} Nf6 (
10... d6) (10... Qc8) 11. O-O (11. b4 $146 {see Bareev-Piket Bosnia,1998})
11... Qe8 $146 (11... Be4 {is the main line.}) 12. Bf4 (12. d5 $5 exd5 13. Nd4
Ne4 (13... Na6 14. Nxf5 Ne4 15. Ne3 $1 dxc4 16. Qxc4+ Rf7 17. Nd5 $14) 14. cxd5
Bxd5 (14... Na6 15. Nxf5 $1 Bxd5 16. Rd1 Bb7 (16... Rxf5 17. Rxd5 Rxd5 18. Bxe4
$16) 17. g4 $1 {[%cal Gb2b4,Gc1b2] /\b4;Bb2}) 15. Qxc7 Nc6 16. Rd1 Rc8 17. Qf4
$14) 12... Be4 13. Qd2 d6 14. b4 {[%cal Gc4c5]} Nc6 15. Rac1 (15. c5 e5 $1)
15... h6 {[%cal Gg7g5]} 16. c5 {[%csl Rd5][%cal Gc6e7,Ge7d5]} (16. Qb2 $5 {
[%cal Gf1d1]}) 16... Rd8 (16... g5 17. b5 $5 Nxd4 $5 (17... Ne7 $140 $2 18.
cxd6) (17... Na5 18. Bxg5 $1 hxg5 (18... Nb3 19. Qb2 Nxc1 20. Bxh6 $36 {
[%csl Rc1]}) 19. Qxg5+ Kh7 20. Qh4+ $11 (20. cxd6 $36)) 18. Nxd4 Bxg2 19. Kxg2
bxc5 (19... gxf4 20. cxd6 cxd6 21. Rc6 $36 (21. gxf4 $5)) 20. Bxg5 Ne4 21. Qa2
Nxg5 22. f4 cxd4 23. fxg5 hxg5 24. Rxc7 $44) 17. cxd6 cxd6 18. Qb2 Ne7 {
[%cal Ge7d5]} 19. Rc7 $6 (19. b5 $1 {[%cal Ga3a4]}) 19... Rd7 (19... Nfd5 $142
$1 20. Rxa7 $140 $2 (20. Rcc1 Nxf4 21. gxf4 Nd5 $17 {[%cal Ge8h5]}) 20... Nc8
$1 {[%csl Ra7]} 21. Ra6 Nxf4 22. gxf4 Qb5 $19 {[%csl Ra6]}) 20. Rxd7 Qxd7 $15
21. Rc1 Ned5 22. Bd2 (22. b5 $5) 22... b5 $1 {[%csl Rc4][%cal Gd5b6,Gb6c4,
Gb6a4]} 23. Be1 {[%cal Gf3d2]} Nb6 {[%cal Gb6c4,Gb6a4]} 24. Nd2 Bxg2 25. Kxg2
Ne4 $1 {[%csl Rc4,Re1]} 26. Nb3 Nc4 27. Qa2 Rc8 (27... f4 $5 28. f3 Ne3+ 29.
Kg1 fxg3 30. hxg3 Qf7 {[%csl Rg1]} (30... Nf6 {[%cal Gf6d5]})) 28. f3 Nf6 {
[%csl Re3]} 29. Kg1 (29. Bf2 $5) 29... Nd5 30. Nd2 (30. e4 $2 fxe4 31. fxe4 Nf6
{[%csl Ra3,Re4][%cal Gd7b7]}) 30... Ndb6 (30... Nce3) 31. Nf1 Qb7 {[%csl Ra3]
[%cal Gb7a6]} 32. Ne3 Qa6 (32... Nxe3 $2 33. Qxe6+ Kh8 34. Qxe3) 33. Rc3 $8 (
33. Nxc4 $2 Rxc4 $1 $17 {[%csl Ra3,Re1][%cal Ga6a4]}) 33... Kf8 (33... Kf7 $5)
34. Ng2 {[%cal Gg2f4]} Nd5 35. Rd3 Kg8 {/\e4} 36. e4 $6 fxe4 37. fxe4 Nf6 {
[%csl Re4]} 38. Qe2 (38. Nf4 $142 Qb7 $1 39. e5 $1 (39. Qe2 Qxe4 $1) 39... dxe5
40. dxe5 Qe4 41. Bf2 Qxe5 $17) 38... Qb7 {[%csl Re4]} 39. Nf4 (39. d5 $2 exd5
40. exd5 Re8 {[%csl Rd5,Rg1]}) (39. e5 $142 dxe5 40. dxe5 Nd5 {[%csl Re1,Rg2]})
39... Qxe4 40. Qxe4 Nxe4 41. Nxe6 Nf6 $1 $17 {[%cal Gf6d5] /\Nd5} 42. Bf2 (42.
d5 Ne5 $1 (42... Re8 $6 {[%cal Gf6d5]} 43. Bc3 $1 Nxd5 $140 44. Nxg7) 43. Rd1 (
43. Rc3 Rxc3 44. Bxc3 Nxd5 $17) 43... Rc2 $1 {[%cal Ge5f3]} (43... Nf3+ $143
44. Kg2 Nxe1+ 45. Rxe1 Nxd5 46. Nd4 a6 47. Re6 $132) 44. Nd4 Ra2 $17 {[%csl
Rd5,Rf3,Rg1][%cal Ga7a6]}) (42. Nf4 $142) 42... Nd5 {[%csl Re6]} 43. Nf4 Nxf4
44. gxf4 d5 $1 $19 {[%csl Ra3,Rb4,Rd4,Rf2,Rf4,Rh2]} 45. Kg2 Rc6 {[%cal Gc6a6]}
46. Be3 $8 Kf7 47. Kf3 Kf6 48. Bc1 Kf5 49. Rd1 (49. Rb3 Re6 $19 {[%cal Ge6e1,
Ge6e4]}) 49... Nxa3 $5 (49... Nd6 $5 $19 {[%cal Gc6c3,Gd6e4]}) 50. Bxa3 (50.
Re1 Rc3+ 51. Kf2 Nc4 $19) 50... Rc3+ 51. Kg2 Rxa3 52. Re1 Kxf4 53. Re5 Ra2+ 54.
Kh3 Rb2 0-1

[Event "RUS-chT 05th"]
[Site "Maikop"]
[Date "1998.06.10"]
[Round "8"]
[White "Kiriakov, Petr"]
[Black "Epishin, Vladimir"]
[Result "1-0"]
[WhiteElo "2495"]
[BlackElo "2590"]
[Annotator "Golod,V"]
[PlyCount "99"]
[EventDate "1998.06.03"]
[EventType "team-tourn"]
[EventRounds "11"]
[EventCountry "RUS"]
[SourceTitle "CBM 066"]
[Source "ChessBase"]
[SourceDate "1998.09.30"]
[SourceVersion "1"]
[SourceVersionDate "1998.09.30"]
[SourceQuality "1"]
[WhiteTeam "Tomsk 400"]
[BlackTeam "Sankt Petersburg"]
[WhiteTeamCountry "RUS"]
[BlackTeamCountry "RUS"]

1. d4 Nf6 2. c4 e6 3. Nc3 Bb4 4. Qc2 O-O 5. a3 Bxc3+ 6. Qxc3 b6 7. Bg5 c5 8.
dxc5 bxc5 9. e3 $5 (9. Nf3 $5) (9. Nh3 $5) 9... h6 $5 (9... a5 $5) (9... Bb7 $5
) (9... Nc6 $5) (9... d6 $5) 10. Bh4 (10. Bxf6 $143 Qxf6 11. Qxf6 gxf6 12. Ne2
(12. O-O-O $143 Rd8 13. Ne2 Kf8 $11 {[%cal Gf8e7,Gd7d6] /\Ke7,d6}) 12... Rd8
13. Nc3 Bb7 14. Be2 Kf8 15. Nb5 Nc6 16. Nd6 Rab8 $11 {0-1 Atalik,S-Epishin,V/
Las Vegas 1998 (29)}) 10... d6 $5 (10... a5 $143 11. Bd3 d6 (11... Bb7 $5 12.
f3 d6 13. Ne2 Nbd7 14. O-O Qb6 15. Rad1 d5 16. Kh1 $13 {1-0 Flear,G-De Sousa,J/
FRA-chT 1993 (34)}) 12. Ne2 Nbd7 13. Rd1 Bb7 14. O-O d5 15. cxd5 Nxd5 16. Bh7+
$1 Kh8 17. Rxd5 Qxh4 18. Rxd7 Bc8 19. Rc7 Kxh7 20. Rxc5 $16 {1-0 Flear,
G-Garcia Padron,J/Fuerteventura 1992 (29)}) (10... Nc6 $6 11. Bd3 Ba6 12. Nf3
Qa5 13. Bxf6 gxf6 14. b4 cxb4 15. Qxf6 bxa3+ 16. Kf1 Nb4 17. h4 $40 {1-0
Schoen,W-Smagin,S/Dortmund op-A 1993 (25)}) 11. Bd3 Nbd7 12. Nf3 $5 (12. Ne2
$143 $5 Rb8 13. Rd1 (13. f3 Re8 14. O-O Qb6 15. Rab1 Ba6 16. Rfd1 d5 17. b3 e5
18. Bf2 e4 19. fxe4 dxc4 20. bxc4 Qc6 $44 {Alterman,B-Stefansson,H/ISL-ISR
1996/0-1 (76)}) 13... Ne4 14. Bxe4 Qxh4 15. Bc2 Rb6 16. O-O Ba6 17. b3 Qe7 18.
Rd2 Nf6 19. Rfd1 d5 20. cxd5 exd5 21. Ng3 g6 $11 {Marcetic,N-Zafirovski,M/
JUG-chT 1997/1/2-1/2 (70)}) 12... Bb7 13. O-O a5 {><b4} 14. Nd2 Qb6 $5 {
[%csl Rb2,Rd8,Gh4]} 15. f3 Rfe8 $5 $146 (15... d5 $5 16. Bf2 Bc6 17. b3 Rfc8
18. Rab1 Qd8 19. Rfc1 Qe7 20. Bh4 Bb7 21. cxd5 exd5 22. Bf5 $14 {Gurevich,
M-Stefansson,H/Viking op 1997/0-1 (83)}) 16. Rfe1 $5 (16. b3 $6 a4 $1 17. b4
$140 $2 cxb4 {[%csl Re3]} 18. axb4 Qxe3+ 19. Bf2 Qe5 20. Bd4 Qh5 $15) 16... d5
$5 $13 17. Qc2 $5 (17. b3 d4 $5 (17... e5 $6 18. cxd5 Nxd5 19. Qc2 a4 $6 20.
bxa4 Bc6 21. Nc4 $16 {[%csl Ga4] /\a5}) 18. Qc2 e5 $13) 17... Rab8 (17... Bc6
$5 {><b7,/\Re(a)b8-b7}) 18. Rab1 Bc6 19. Bf2 a4 $5 {+/=/+/-} (19... Ne5 $6 20.
Bf1 $14 {/\Bg3}) 20. Rec1 $5 {[%csl Rc5]} Qa7 21. h3 {[%csl Rg1,Yh2,Gh3][%cal
Gh3g4]} d4 $5 (21... Rb7 $5) 22. Re1 (22. exd4 $6 cxd4 23. Rd1 Rec8 $15) 22...
e5 $5 (22... dxe3 $143 23. Bxe3 Red8 24. Bf1 $14) 23. Bf5 Re7 $5 {/\g6} (23...
g6 $6 24. Bxg6 fxg6 25. Qxg6+ Kf8 (25... Kh8 $143 26. Qxh6+ Kg8 27. Qg6+ $40)
26. Bh4 Re6 27. Qxh6+ Kf7 $13) 24. Bh4 Rbe8 (24... g6 $4 25. Bxd7 $18 {[%csl
Re7,Rf6]}) 25. Rbd1 Qb6 {[%csl Gb6,Rf6] /\g6} 26. Nf1 g6 27. Bd3 {+/=/+/-} (27.
Bxd7 $143 Bxd7 28. Nd2 Re6 $11) 27... Kg7 28. Ng3 Re6 (28... g5 $140 $4 29.
Nf5+) 29. Rd2 $5 {><b2;/\Rf2} Rb8 30. Rf2 Qc7 31. Qc1 Ree8 32. Nf1 {[%csl Rc7,
Re5][%cal Gh4g3]} Rb6 $6 (32... Qb7 $5) 33. Bg3 Qb7 $6 (33... Qc8 $5 {[%cal
Ge5e4]} 34. exd4 $1 $14) 34. exd4 cxd4 $4 (34... exd4 $8 35. Rxe8 Nxe8 36. Re2
$1 {/\Bf4|^}) 35. c5 $1 {[%csl Rb6]} Rb3 $140 (35... e4 $143 36. fxe4 (36. cxb6
exd3 37. Rxe8 Nxe8 38. Qc4 Qxb6 39. Qxd3 $18) 36... Rb3 37. Bc4 Rxg3 38. Nxg3
$18) 36. Bc4 $18 {[%csl Rb3]} Nh5 (36... Nxc5 37. Bxe5 Rxe5 38. Rxe5 Nd3 39.
Bxd3 Rxd3 40. Rd2 $18) 37. Bxb3 Qxb3 (37... Nxg3 $143 38. Bxf7 $1 Kxf7 39. Nxg3
$18) 38. Bh2 Qd5 39. Rd2 {/\Ne3} f6 (39... Nxc5 $2 40. Ne3 Qd6 41. Nc4) (39...
Qxc5 $4 40. Rc2 {[%csl Rc6]}) 40. Ne3 Qb3 (40... Qxc5 $143 41. Rc2 Qf8 42. Rxc6
dxe3 43. Qxe3 $18) 41. Nc4 {[%cal Gc4d6]} Rc8 (41... Ra8 42. f4 Nxf4 43. Bxf4
exf4 44. Rxd4 Nxc5 45. Qxf4) 42. Nd6 Rf8 43. f4 $1 {[%csl Rd4,Re5]} d3 (43...
Qd5 44. fxe5 fxe5 45. Qc4 $18) 44. fxe5 fxe5 45. Bxe5+ Nxe5 46. Rxe5 Ng3 47.
Re7+ Kg8 (47... Kf6 48. Re3 {[%csl Rb3,Rg3]} Ne2+ $140 49. Rdxe2 dxe2 50. Rxb3
axb3 51. Qe3) (47... Kh8 $2 48. Rf2 $1 {[%csl Rf8,Rh6]}) 48. Qc4+ Qxc4 49. Nxc4
h5 (49... Ne2+ 50. Kh2 Rf2 51. Ne3 $18) 50. Rxd3 (50. Rxd3 Rf1+ 51. Kh2 h4 52.
Rd8+) 1-0

[Event "EU-ch 4th"]
[Site "Istanbul"]
[Date "2003.06.02"]
[Round "4"]
[White "Burmakin, Vladimir"]
[Black "Olafsson, Helgi"]
[Result "0-1"]
[WhiteElo "2569"]
[BlackElo "2473"]
[Annotator "Golod,V"]
[PlyCount "78"]
[EventDate "2003.05.30"]
[EventType "swiss"]
[EventRounds "13"]
[EventCountry "TUR"]
[SourceTitle "CBM 096"]
[Source "ChessBase"]
[SourceDate "2003.09.25"]
[SourceVersion "1"]
[SourceVersionDate "2003.09.25"]
[SourceQuality "1"]

1. d4 Nf6 2. c4 e6 3. Nc3 Bb4 4. Qc2 O-O 5. a3 Bxc3+ 6. Qxc3 b6 7. Bg5 Bb7 8.
e3 d6 9. f3 (9. Nf3 $5 {See comments to Seirawan,Y-Gelfand,B/Prague,2002/CBM
89(0-1)(Golod,V)(42)}) 9... Nbd7 10. Bd3 c5 11. Ne2 Rc8 12. Qb3 h6 $5 {
Comments to this part of the game(9-12 moves) and also:} (12... cxd4 $5 {
You can find in annotations to game: Grigore,G-Pinter,J/Budapest 2000/CBM 78
(0-1)(Golod,V)(41)}) ({Besides Black has two options:} 12... Ba6 $5) ({and} 
12... d5 $5 {See comments to Adianto,U-Karpov,A/ Jakarta,1997/CBM 63(1-0)
(Ftacnik)(61)}) 13. Bh4 d5 $5 {Also were checked up in previous games: 13...
Qc7; 13...Re8 and} (13... cxd4 $5 {See comments to Ivanov,S-Solozhenkin,E/St.
Petersburg,1998/CBM 65(0-1)(Solozhenkin,E)(58)}) 14. O-O $6 {On this line you
can find four games in Mega Database 2003,and all of them were finished in a
draw.} ({In my opinion,it was much better:} 14. cxd5 $5 {See comments to
Bareev,E-Leko,P/Moscow,2002/CBM 91(1/2-1/2)(Golod,V)(38)}) 14... Ba6 $5 {
[%csl Ga6,Rc4,Gc8,Gd5][%cal Gc5d4] Also once were checked in the preceding
games: 14...Re8 and 14...cxd4.} 15. Rfc1 $2 $146 {The strange decision,
probably connected to the tactical miscalculation.} ({The games,which have
reached this position were continued as follows:} 15. Bxf6 $142 Nxf6 16. Qa4
Bxc4 17. Bxc4 dxc4 18. Qxc4 cxd4 19. Qxd4 Rc2 $15 {=/=/+ Veremeichik,V-Shipov,
S/Minsk,1997(1/2-1/2)(34)}) (15. Rac1 $2 b5 {[%csl Rb3,Yb5,Yc5,Rd3,Yd5][%cal
Gb5c4,Gd5c4,Gc5c4] 1/2-1/2 Babula,V-Zpevak,P/CZE,1996(15)}) (15. Qa4 $2 {
is refuted by:} cxd4 $1 {[%csl Rc4][%cal Gd7c5]} 16. Qxa6 $140 Nc5 $17 {
[%csl Ra6,Rd3]}) {[%tqu "En","?White's last move was a blunder.How can Black
exploit it.","","","b6b5","",10]} 15... b5 $1 {[%csl Rb3,Yb5,Yc5,Rd3,Yd5][%cal
Gc5c4,Gb5c4,Gd5c4]} 16. cxb5 {This move is much better,than:} (16. Bc2 $2 bxc4
$17 17. Qa4 $140 Qb6) 16... c4 17. Bxc4 {Again it's best decision!} (17. Qa4
$143 cxd3 {[%csl Re2]} 18. Nc3 Bb7 19. Qxa7 Qb6 20. Qxb6 (20. Qa4 $143 e5)
20... Nxb6 {[%cal Gb6c4] =/+/-/+}) (17. Bxf6 $143 Nxf6 (17... Qxf6 $4 18. Qa4
cxd3 19. Qxa6 {[%csl Rc8]} Rxc1+ 20. Nxc1) 18. Qa4 cxd3 19. Nc3 Bb7 20. Qxa7
Qd7 $17) 17... dxc4 18. Qa4 $1 ({Leads to benefit of the contender:} 18. Rxc4
$6 Qb6 {[%csl Rb3]} 19. Nc3 (19. Rxc8 $143 Rxc8 20. a4 Bb7 21. a5 Qd6 $17)
19... Nd5 20. Nxd5 exd5 21. Rxc8 Rxc8 22. Qxd5 (22. a4 Bb7) 22... Qxb5 {=/+/-/+
}) 18... Bb7 19. Qxa7 Qc7 {[%csl Ra7][%cal Gc8a8]} ({Leads to favourable
complications for White:} 19... Bd5 $6 {[%csl Ra7][%cal Gc8a8]} 20. Bxf6 gxf6 (
20... Nxf6 21. e4 $13 {[%csl Yc5][%cal Ya7c5]}) 21. Qa6 f5 22. Qd6 $44) 20. Qa4
$6 {It's discrepancy,which allows to improve a position of the Black's pieces.}
({Can be recommended:} 20. Bg3 $1 e5 $8 21. dxe5 $140 Nh5 {[%csl Rg3][%cal
Gc8a8]} 22. e6 Nxg3 23. exf7+ Rxf7 24. Nxg3 (24. hxg3 $6 Nb6 {[%csl Ra7][%cal
Gc8a8]} 25. Qa5 $8 Re8 $17) 24... Nc5 {[%csl Ra7,Rb3][%cal Gc8a8,Gc5b3]} 25.
Rxc4 $140 Qe5 {[%csl Rb2,Re3][%cal Gb7f3]} 26. Rc3 Bxf3 $15) 20... e5 21. Qd1
$6 ({Pretty dubiously:} 21. Bg3 {in view of:} Nh5 22. Bxe5 Nxe5 23. dxe5 Qxe5
$17 {[%csl Rb2,Re3]} 24. Rc3 $140 $2 Nf6 {[%csl Rc3,Re3][%cal Gf6d5]} 25. e4
Nxe4 $1 26. Rxc4 (26. Re3 $2 Qc5 {[%csl Re3,Rg1]}) (26. fxe4 $2 Qxe4 $19 {
[%csl Re2,Rg2]}) 26... Nd2 27. Rxc8 Rxc8 $19) ({It was necessary:} 21. e4 $5 {
[%cal Yh4f2,Yf2d4]} exd4 22. Nxd4 Nc5 (22... Nb6 $2 23. Qc2 $13) 23. Qxc4 Qb6
$36 {[%csl Rc4,Rg1][%cal Gc5e4]}) 21... e4 $1 22. f4 ({Probably, it was a
little better:} 22. Nc3 {[%csl Yc3][%cal Yc3d5]} Rfe8 {[%csl Re3]} 23. f4)
22... Nd5 {[%csl Re3]} 23. Qd2 Qd6 $17 24. Be1 $6 ({More stubborn resistance
after:} 24. a4) 24... N7b6 {[%cal Yb6a4]} 25. a4 $140 c3 $1 {[%csl Yb6,Yd5,Re3]
[%cal Gb6c4] Black develop the strong initiative,their knights are located
ideally.} 26. Nxc3 (26. bxc3 $143 Nc4 {[%csl Rd2,Re3]}) 26... Nc4 27. Nxe4 ({
I do not think that it was much better:} 27. Qe2 Ncxe3 28. a5 Nf5 {[%csl Rd4,
Rf4][%cal Gf5d4,Gd5f4]}) 27... Qe7 {[%csl Re3,Re4]} 28. Rxc4 {It is rather
difficult to continue a game without this move:} (28. Qd3 $2 Nxb2 29. Qd2 Qxe4
30. Qxb2 Nxe3 $19 {[%csl Rg2]}) (28. Qc2 $4 Ndxe3 {[%csl Rc2,Re4]}) 28... Rxc4
29. Nc5 ({Hardly it was better:} 29. b3 Rc7 30. Nc5 Nxe3 31. b6 Rxc5 $1 32.
dxc5 Nxg2 $19 {[%csl Rg1]}) 29... Nxe3 {[%csl Rg2]} 30. Bf2 (30. Nxb7 $2 Rc2 {
[%csl Gc2,Ge3,Ge7,Rg2][%cal Ge7b7]}) 30... Nxg2 31. Nxb7 (31. b3 $144 Rxc5 32.
dxc5 Rd8 {[%csl Rf4,Rg1]} 33. Qc2 Nxf4 34. c6 Ne2+ 35. Kg2 Bc8 $19 {[%csl Rg2]}
) 31... Qxb7 32. b3 Qe4 $1 $19 {[%cal Gc4c2,Gg2f4] White can not find
protection against numerous threats.} 33. bxc4 Nxf4 {[%csl Rg1]} 34. Be3 ({
Also right away loses the game:} 34. Bg3 Nh3+ 35. Kf1 Qh1+ 36. Ke2 Re8+ 37. Be5
Qxa1 $19) (34. Kf1 $2 Qg2+ 35. Ke1 Qh1+ 36. Bg1 Qxg1#) (34. Qxf4 $5 Qxf4 35. a5
Qg4+ 36. Kf1 Qh3+ 37. Kg1 Qc3 {[%csl Ra1,Rc4]} 38. Ra4 Qc2 39. Rb4 Re8 {
[%csl Rg1][%cal Ge8e2]} 40. b6 Re2 $1 41. b7 Qc1+ 42. Kg2 Rxf2+ 43. Kxf2 $8
Qd2+ 44. Kf3 Qxb4 45. a6 Kf8 $19 {[%csl Yb4,Yf8][%cal Yf8e7,Ye7d7,Yd7c7] the
king approaches to Pb7 and Black gradually win this position.}) 34... Nh3+ 35.
Kf1 Qf3+ 36. Ke1 (36. Bf2 Re8 $1 {[%csl Rf1][%cal Gf3h1]}) 36... Re8 $1 {
It's exactest way to finish a game.} 37. Ra3 $140 Qh1+ 38. Ke2 Nf4+ 39. Kf2
Qg2+ (39... Qg2+ 40. Ke1 Qg1#) 0-1